000 00759nam a2200169 i 4500
001 185041
003 ES-MaACL
005 20230906222333.0
008 160308s1906 sp |||| | spa d
110 2 _aLibrería de Antonio Martínez Gayo.
_9159002
245 1 0 _aCatálogo de las obras de legislación, jurisprudencia, sociología, comercio, hacienda, administración, etc, que se hallan de venta en la Librería de Antonio Martínez Gayo (de la Asociación de la Librerá), sucesor de F. Iravedra.
260 _aMadrid :
_bLibrería de A. Martínez Gayo,
_c1906.
300 _a113 p. ;
_c23 cm.
610 2 4 _aLibrería de Antonio Martínez Gayo-
_vCatálogos.
_9159003
650 4 _aLibros-
_vCatálogos comerciales.
_9159004
852 _aES-MaACL
_j1530-F-9
999 _c185041
_d185041